000 00643nam a2200241Ia 4500
003 OSt
005 20220926013030.0
006 a|||||r|||| 00| 0
007 ta
008 220923b |||||||| |||| 00| 0 eng d
037 _cGeneral Book
040 _aRTL
_cRTL
_beng
041 _2eng
_aeng
082 _aX:8D, L6; M2
100 _aGitman Lawrehce J
_9317736
245 0 _aPrinciples of mamagerial finance
250 _a3rd
260 _aNew York
_bHarper & Row USA
_c1982
300 _axxii, 724p.
_ccm.
650 _aFinance
942 _hX:8D, L6; M2
_cGB
_2CC
999 _c625000
_d625000